|
|
|
|
| LEADER |
01508nam a2200265 i 4500 |
| 003 |
GR-PaULI |
| 005 |
20240423112415.0 |
| 008 |
240423s2021 gr a|||g |||| 001 0 gre d |
| 020 |
|
|
|a 9789606656422
|
| 040 |
|
|
|a GR-PaULI
|b gre
|c GR-PaULI
|e AACR2
|
| 082 |
0 |
4 |
|a 618.922
|2 23
|
| 100 |
1 |
|
|9 61310
|a Πρίφτης, Κώστας
|e συγγραφέας.
|
| 245 |
1 |
0 |
|a Παιδιατρική πνευμονπλογία /
|c Κ. Πρίφτης, Μ. Ανθρακόπουλος.
|
| 260 |
|
|
|a Αθήνα :
|b Τεχνόγραμμα med,
|c c 2021.
|
| 300 |
|
|
|a 822 σ. :
|b εικ. ;
|c 290 εκ.
|
| 504 |
|
|
|a Περιλαμβάνει βιβλιογραφία και ευρετήριο.
|
| 650 |
|
4 |
|9 201992
|a Παιδικές αναπνευστικές ασθένειες
|
| 650 |
|
4 |
|9 65893
|a Πνευμονολογία
|
| 700 |
1 |
|
|9 61311
|a Ανθρακόπουλος, Μιχαήλ Β.,
|d 1956-
|e συγγραφέας.
|
| 942 |
|
|
|2 ddc
|c BK
|
| 952 |
|
|
|0 0
|1 0
|2 ddc
|4 0
|6 618_922000000000000_ΠΡΙ
|7 0
|9 379657
|a LISP
|b LISP
|c BSC
|d 2024-04-23
|i 365155
|l 0
|o 618.922 ΠΡΙ
|p 025000308619
|r 2024-04-23 00:00:00
|t 1
|w 2024-04-23
|y BK15
|
| 952 |
|
|
|0 0
|1 0
|2 ddc
|4 0
|6 618_922000000000000_ΠΡΙ
|7 0
|9 379658
|a LISP
|b LISP
|c BSC
|d 2024-04-23
|i 365156
|l 0
|o 618.922 ΠΡΙ
|p 025000308618
|r 2024-04-23 00:00:00
|t 2
|w 2024-04-23
|y BK15
|
| 952 |
|
|
|0 0
|1 0
|2 ddc
|4 0
|6 618_922000000000000_ΠΡΙ
|7 0
|9 379839
|a LISK
|b LISK
|c BSC
|d 2024-04-29
|i 70919
|l 0
|o 618.922 ΠΡΙ
|p 992410070919
|r 2024-04-29 00:00:00
|t 3
|w 2024-04-29
|y BK15
|
| 998 |
|
|
|c ΧΑΣΑΝΗ
|d 2024-04
|
| 999 |
|
|
|c 220713
|d 220713
|